LEADER 01110nam0 22002651i 450 001 VAN0039250 005 20140625025023.238 010 $a09-01-79167-9 100 $a20051114d1979 |0itac50 ba 101 $aeng 102 $aGB 105 $a||||b ||||| 200 1 $aVenetian seventeenth century painting$ea loan exhibition from collections in Britain and Ireland [held at the National Gallery], 5 September to 30 November 1979$ecatalogue$fby Homan Potterton 210 $aLondon$cNational Gallery$d1979 215 $a160 p.$cill.$d25 cm. 620 $aGB$dLondon$3VANL000015 676 $a759.5'31$v21 712 02$aPotterton, Homan$3VANV032593 712 $aNational gallery $3VANV111969$4650 801 $aIT$bSOL$c20230616$gRICA 899 $aBIBLIOTECA DEL DIPARTIMENTO DI LETTERE E BENI CULTURALI$1IT-CE0103$2VAN07 912 $aVAN0039250 950 $aBIBLIOTECA DEL DIPARTIMENTO DI LETTERE E BENI CULTURALI$d07CONS Cb Londra 1979 aula C $e07 14803 20051114 996 $aVenetian Seventeenth Century Painting$9605321 997 $aUNICAMPANIA LEADER 01736nam0 22003973i 450 001 VAN00269770 005 20251118114821.688 017 70$2N$a9783031212093 100 $a20240118d2023 |0itac50 ba 101 $aeng 102 $aCH 105 $a|||| ||||| 181 $ai$b e 182 $ab 183 $acr 200 1 $aDust and Health$eChallenges and Solutions$fAli Al-Dousari, Muhammad Zaffar Hashmi editors 210 $aCham$cSpringer$d2023 215 $aXVI, 248 p.$cill.$d24 cm 410 1$1001VAN00238466$12001 $aEmerging Contaminants and Associated Treatment Technologies$1210 $aCham$cSpringer$d2020- 620 $aCH$dCham$3VANL001889 676 $a579$cMicrobiologia$v22 676 $a363.73$cInquinamento generale$v22 702 1$aAl-Dousari$bAli$3VANV197625 702 1$aHashmi$bMuhammad Z.$3VANV195498 712 $aSpringer $3VANV108073$4650 790 1$aHashmi, Muhammad Zaffar$zHashmi, Muhammad Z.$3VANV195499 790 1$aHashmi, M. Z.$zHashmi, Muhammad Z.$3VANV195500 790 1$aHashmi, M.Z.$zHashmi, Muhammad Z.$3VANV200940 801 $aIT$bSOL$c20251121$gRICA 856 4 $uhttps://link.springer.com/openurl?genre=book&isbn=978-3-031-21209-3$zE-book - Accesso al full-text attraverso riconoscimento IP di Ateneo, proxy e/o Shibboleth 899 $aBIBLIOTECA DEL DIPARTIMENTO DI SCIENZE E TECNOLOGIE AMBIENTALI BIOLOGICHE E FARMACEUTICHE$1IT-CE0101$2VAN17 912 $fN 912 $aVAN00269770 950 $aBIBLIOTECA DEL DIPARTIMENTO DI SCIENZE E TECNOLOGIE AMBIENTALI BIOLOGICHE E FARMACEUTICHE$d17CONS e-book 2310 $e17BIB2310/82 82 20240118 996 $aDust and Health$93374621 997 $aUNICAMPANIA